Spelling Test: U.S. vs British English Quiz Stats

 Plays Quiz Updated May 4, 2016

Also try: Anguished English
Challenge
Share
Tweet
Embed
Score 0/44 Timer 05:00
3 Plays Today
American English British English % Correct
Colorcolour
98.9%
Meter (unit of length)metre
87.5%
Check (banking)cheque
83.8%
Programprogramme
79.1%
Theatertheatre
76.4%
Mommymummy
74.7%
Centercentre
74.3%
Defensedefence
70.4%
Analyzeanalyse
69.6%
Moldmould
68%
Neighborneighbour
67%
Aluminumaluminium
66.1%
Favoritefavourite
65.1%
Tire (on a wheel)tyre
62.8%
Practice (used as a verb)practise
62.2%
Airplaneaeroplane
61.3%
Mustachemoustache
59%
Cozycosy
54.8%
Travelertraveller
54.7%
Paralyzeparalyse
54.4%
License (as a noun)licence
51.9%
Checkered (pattern)chequered
49.5%
American English British English % Correct
Skepticsceptic
49.5%
Phonyphoney
45.1%
Pajamaspyjamas
43.8%
Fueledfuelled
42.9%
Boogeymanbogeyman
42.8%
Encyclopediaencyclopaedia
42.2%
Story (level of a building)storey
40.5%
Fulfillfulfil
39.5%
Jewelryjewellery
36.6%
Licoriceliquorice
28.4%
Curb (edge of roadway)kerb
28%
Counselorcounsellor
27.7%
Pediatricpaediatric
25.8%
Behoovebehove
23.7%
tidbittitbit
21.8%
Leukemialeukaemia
18.4%
Estrogenoestrogen
17.8%
Maneuvermanoeuvre
11.3%
Persnicketypernickety
10.1%
Jimmy (to pry with a crowbar)jemmy
9.1%
Hauler (haulage contractor)haulier
7.1%
Carburetorcarburettor
6.4%

You're not logged in!

Compare scores with friends on all Sporcle quizzes.
Join for Free
OR
Log In

You Might Also Like...

Show Comments

Extras

Top Quizzes Today


Score Distribution

Your Account Isn't Verified!

In order to create a playlist on Sporcle, you need to verify the email address you used during registration. Go to your Sporcle Settings to finish the process.

Report this User

Report this user for behavior that violates our Community Guidelines.

Details: